5HLuxD.jpg

KING HENRY VIII SENIOR AND PRIMARY SCHOOL LIBRARY OPAC

The hunchback of Notre-Dame / (Record no. 2894)

000 -LEADER
fixed length control field 01725pam a2200373 a 4500
001 - CONTROL NUMBER
control field 015825423
003 - CONTROL NUMBER IDENTIFIER
control field Uk
005 - DATE AND TIME OF LATEST TRANSACTION
control field 20230911090118.0
008 - FIXED-LENGTH DATA ELEMENTS--GENERAL INFORMATION
fixed length control field 110610s2011 enk 000 f eng|d
015 ## - NATIONAL BIBLIOGRAPHY NUMBER
National bibliography number GBB171645
Source bnb
016 7# - NATIONAL BIBLIOGRAPHIC AGENCY CONTROL NUMBER
Record control number 015825423
Source Uk
020 ## - INTERNATIONAL STANDARD BOOK NUMBER
International Standard Book Number 9780007902132 (pbk.)
020 ## - INTERNATIONAL STANDARD BOOK NUMBER
International Standard Book Number 0007902131 (pbk.)
040 ## - CATALOGING SOURCE
Original cataloging agency StDuBDS
Language of cataloging eng
Transcribing agency StDuBDS
Modifying agency Uk
-- KH8
041 1# - LANGUAGE CODE
Language code of text/sound track or separate title eng
Language code of original fre
042 ## - AUTHENTICATION CODE
Authentication code ukblcatcopy
082 04 - DEWEY DECIMAL CLASSIFICATION NUMBER
Classification number 843.7 HUG
Edition number 22
100 1# - MAIN ENTRY--PERSONAL NAME
Personal name Hugo, Victor,
Dates associated with a name 1802-1885,
Relator term author.
245 14 - TITLE STATEMENT
Title The hunchback of Notre-Dame /
Statement of responsibility, etc. Victor Hugo.
260 ## - PUBLICATION, DISTRIBUTION, ETC.
Place of publication, distribution, etc. London :
Name of publisher, distributor, etc. HarperPress,
Date of publication, distribution, etc. 2011.
300 ## - PHYSICAL DESCRIPTION
Extent xvi, 672 p. ;
Dimensions 18 cm.
336 ## - CONTENT TYPE
Content type term text
Source rdacontent
337 ## - MEDIA TYPE
Media type term unmediated
Source rdamedia
338 ## - CARRIER TYPE
Carrier type term volume
Source rdacarrier
490 0# - SERIES STATEMENT
Series statement Collins classics
520 ## - SUMMARY, ETC.
Summary, etc. The setting of this extraordinary historical novel is medieval Paris: a city of vividly intermingled beauty and ugliness, surging with violent life under the two towers of its greatest structure and supreme symbol, the cathedral of Notre Dame.<br/> <br/>Against this background, Victor Hugo unfolds the haunting drama of Quasimodo, the hunchback; Esmeralda, the gypsy dancer; and Claude Frollo, the priest tortured by the specter of his own damnation. Shaped by a profound sense of tragic irony, it is a work that gives full play to the author’s brilliant imagination and his remarkable powers of description.
546 ## - LANGUAGE NOTE
Language note Translated from the French.
600 00 - SUBJECT ADDED ENTRY--PERSONAL NAME
Personal name Quasimodo
Titles and other words associated with a name (Fictitious character)
Form subdivision Fiction.
610 20 - SUBJECT ADDED ENTRY--CORPORATE NAME
Corporate name or jurisdiction name as entry element Notre-Dame de Paris (Cathedral)
Form subdivision Fiction.
650 #0 - SUBJECT ADDED ENTRY--TOPICAL TERM
Topical term or geographic name entry element Kyphosis
General subdivision Patients
Form subdivision Fiction.
651 #0 - SUBJECT ADDED ENTRY--GEOGRAPHIC NAME
Geographic name Paris (France)
General subdivision History
Chronological subdivision To 1515
Form subdivision Fiction.
700 1# - ADDED ENTRY--PERSONAL NAME
Personal name Cobb, Walter J.,
Relator term translator.
942 ## - ADDED ENTRY ELEMENTS (KOHA)
Source of classification or shelving scheme
Koha item type Teaching Resources
Holdings
Withdrawn status Lost status Source of classification or shelving scheme Damaged status Not for loan Collection code Permanent Location Current Location Shelving location Date acquired Full call number Barcode Date last seen Price effective from Koha item type
          Teaching Resources KH8 Senior School Library KH8 Senior School Library Staff Office 2023-09-11 843.7 HUG TRKHSL002598 2023-09-11 2023-09-11 Teaching Resources

Powered By KH8 IT Dept